Report Of The Finance Committee On The Loan And Financing Agreement Between The Government Of the Republic Of Ghana And Kreditanstalt Fur Wiederaufbau (KFW) Frankfurt Am Main For A Loan Amount Of Three Million, Five Hundred Thousand Euros (Euros3,500,000.00) And A Grant Amount Of One Million, Five Hundred Thousand Euros (Euros1,500,00.00) In Respect Of The Performance Oriented Public Financial Management, Ghana Revenue Authority (GRA IT Training Institute And Accompanying Measures) (Record no. 4307)
[ view plain ]
| 000 -LEADER | |
|---|---|
| fixed length control field | 01101nam a22001697a 4500 |
| 003 - CONTROL NUMBER IDENTIFIER | |
| control field | OSt |
| 005 - DATE AND TIME OF LATEST TRANSACTION | |
| control field | 20240801155512.0 |
| 008 - FIXED-LENGTH DATA ELEMENTS--GENERAL INFORMATION | |
| fixed length control field | 240801b |||||||| |||| 00| 0 eng d |
| 041 ## - LANGUAGE CODE | |
| Language code of text/sound track or separate title | English |
| 082 ## - DEWEY DECIMAL CLASSIFICATION NUMBER | |
| Classification number | CR/GRA/16 Acc.no.9518 |
| 110 ## - MAIN ENTRY--CORPORATE NAME | |
| Corporate name or jurisdiction name as entry element | Parliament Of The Republic Of Ghana |
| 245 ## - TITLE STATEMENT | |
| Title | Report Of The Finance Committee On The Loan And Financing Agreement Between The Government Of the Republic Of Ghana And Kreditanstalt Fur Wiederaufbau (KFW) Frankfurt Am Main For A Loan Amount Of Three Million, Five Hundred Thousand Euros (Euros3,500,000.00) And A Grant Amount Of One Million, Five Hundred Thousand Euros (Euros1,500,00.00) In Respect Of The Performance Oriented Public Financial Management, Ghana Revenue Authority (GRA IT Training Institute And Accompanying Measures) |
| 260 ## - PUBLICATION, DISTRIBUTION, ETC. | |
| Place of publication, distribution, etc. | Accra |
| Name of publisher, distributor, etc. | Parliament Of The Republic Of Ghana |
| Date of publication, distribution, etc. | 2016 |
| 300 ## - PHYSICAL DESCRIPTION | |
| Extent | 6p.; |
| 653 ## - INDEX TERM--UNCONTROLLED | |
| Uncontrolled term | 1. Three Million, Five Hundred Thousand Euros (Euros3,500,000.00) 2. Grant Amount Of One Million, Five Hundred Thousand Euros (Euros1,500,00.00) 3. Performance Oriented Public Financial Management 2016. |
| 942 ## - ADDED ENTRY ELEMENTS (KOHA) | |
| Source of classification or shelving scheme | Dewey Decimal Classification |
| Koha item type | Reports |
| Suppress in OPAC | No |
No items available.